Herman Melville : (Record no. 200468091)

MARC details
000 -LEADER
fixed length control field 00998cam a22003251i 4500
001 - CONTROL NUMBER
control field 200468091
003 - CONTROL NUMBER IDENTIFIER
control field TR-AnTOB
005 - DATE AND TIME OF LATEST TRANSACTION
control field 20260413170741.0
008 - FIXED-LENGTH DATA ELEMENTS--GENERAL INFORMATION
fixed length control field 260413t19621929nyu 000 0beng d
010 ## - LIBRARY OF CONGRESS CONTROL NUMBER
LC control number 62021847
035 ## - SYSTEM CONTROL NUMBER
System control number 2639917
040 ## - CATALOGING SOURCE
Original cataloging agency DLC
Language of cataloging eng
Description conventions rda
Transcribing agency DLC
Modifying agency DLC
-- TR-AnTOB
041 0# - LANGUAGE CODE
Language code of text/sound track or separate title İngilizce
050 00 - LIBRARY OF CONGRESS CALL NUMBER
Classification number PS2386
Item number .M86 1962
090 ## - LOCALLY ASSIGNED LC-TYPE CALL NUMBER (OCLC); LOCAL CALL NUMBER (RLIN)
Classification number (OCLC) (R) ; Classification number, CALL (RLIN) (NR) PS2386
Local cutter number (OCLC) ; Book number/undivided call number, CALL (RLIN) .M86 1962 TıpFaK
100 ## - MAIN ENTRY--PERSONAL NAME
Personal name Mumford, Lewis,
Dates associated with a name 1895-
Relator term author
9 (RLIN) 79049
245 10 - TITLE STATEMENT
Title Herman Melville :
Remainder of title a study of his life and vision /
Statement of responsibility, etc. Lewis Mumford.
250 ## - EDITION STATEMENT
Edition statement Revised edition
264 #1 - PRODUCTION, PUBLICATION, DISTRIBUTION, MANUFACTURE, AND COPYRIGHT NOTICE
Place of production, publication, distribution, manufacture New York :
Name of producer, publisher, distributor, manufacturer Harcourt, Brace & World,
Date of production, publication, distribution, manufacture, or copyright notice 1962.
Date of production, publication, distribution, manufacture, or copyright notice ©1929, 1956, 1962
300 ## - PHYSICAL DESCRIPTION
Extent 256 pages ;
Dimensions 22 cm
336 ## - CONTENT TYPE
Content type term text
Content type code txt
Source rdacontent
337 ## - MEDIA TYPE
Media type term unmediated
Media type code n
Source rdamedia
338 ## - CARRIER TYPE
Carrier type term volume
Carrier type code nc
Source rdacarrier
600 10 - SUBJECT ADDED ENTRY--PERSONAL NAME
Personal name Melville, Herman,
Dates associated with a name 1819-1891.
9 (RLIN) 42465
650 #0 - SUBJECT ADDED ENTRY--TOPICAL TERM
Topical term or geographic name entry element Novelists, American
Chronological subdivision 19th century
Form subdivision Biography
9 (RLIN) 153113
942 ## - ADDED ENTRY ELEMENTS (KOHA)
Source of classification or shelving scheme Library of Congress Classification
Koha item type Book
Holdings
Withdrawn status Lost status Source of classification or shelving scheme Damaged status Not for loan Collection code Home library Current library Shelving location Date acquired Source of acquisition Inventory number Total Checkouts Full call number Barcode Date last seen Date shelved Koha item type Public note
    Library of Congress Classification Kullanılmış / Used Ödünç Verilemez-Kurumiçi kullanım / Not for loan-For inhouse use Genel Koleksiyon Tıp Fakültesi Medikal Kütüphane Tıp Fakültesi Medikal Kütüphane Genel Koleksiyon / Main Collection 13/04/2026 Bağış / Donation İDE   PS2386 .M86 1962 TıpFaK TF03071 13/04/2026 13/04/2026 Book Donated by Prof. Dr. Şükrü Cin.
Devinim Yazılım Eğitim Danışmanlık tarafından Koha'nın orjinal sürümü uyarlanarak geliştirilip kurulmuştur.